[Event "BCF-chT 1718 (4NCL)"]
[Site "England"]
[Date "2018.05.06"]
[Round "10.15"]
[White "Edouard, Romain"]
[Black "Houska, Jovanka"]
[Result "1-0"]
[WhiteElo "2621"]
[BlackElo "2420"]
[Annotator "Edouard,R"]
[PlyCount "93"]
[EventDate "2017.11.11"]
[EventType "team-swiss"]
[EventRounds "11"]
[EventCountry "ENG"]
[SourceTitle "CBM 185"]
[Source "ChessBase"]
[SourceDate "2018.07.13"]
[SourceVersion "1"]
[SourceVersionDate "2018.07.13"]
[SourceQuality "1"]
[WhiteTeam "Guildford"]
[BlackTeam "Wood Green"]
[WhiteTeamCountry "ENG"]
[BlackTeamCountry "ENG"]

1. c4 e6 2. g3 d5 3. Bg2 Nf6 4. Nf3 dxc4 5. Qa4+ Bd7 6. Qxc4 c5 7. O-O $5 (7.
Ne5 Qc8 {is the main line, that everyone's playing lately.}) 7... Bc6 8. Nc3 $5
{A nice idea I found just before going to the game! Other ideas lead to
slightly more pleasant but very dry positions.} (8. Qc2 Nbd7 9. d3 Be7 10. Nc3
(10. b3 O-O 11. Bb2 Nd5 12. Nc3 Nxc3 13. Bxc3 Bf6 $11 {½-½ (25) Moradiabadi,
E (2574)-Lenderman,A (2573) chess.com INT 2017}) 10... O-O 11. a4 (11. e4 Rc8
12. d4 cxd4 13. Nxd4 e5 14. Nxc6 Rxc6 15. Qe2 Bc5 16. Rd1 a6 17. Bh3 Bd4 $132 {
½-½ (33) Gabuzyan,H (2566)-Hovhannisyan,R (2606) Abu Dhabi UAE 2017}) 11...
a6 $5 {An interesting new idea in my opinion.} (11... Nd5 12. Nxd5 Bxd5 13. e4
Bc6 14. Rd1 e5 15. b3 Bd6 16. Nd2 $14 {½-½ (27) Wagner,D (2563)-Andersen,M 
(2586) Abu Dhabi UAE 2017}) (11... b6 $5 12. e4 a6 13. d4 b5 14. Rd1 $36 {
½-½ (33) Iturrizaga,E (2658)-Bluebaum,M (2642) Aachen GER 2016}) 12. a5 Rc8
13. e4 (13. h3 Nd5 $132) 13... Ng4 14. Rd1 Nge5 15. Nd2 Bb5 {In the end it is
Black who takes advantage of the inclusion of ...a6/a5.} 16. Nc4 Nc6 $132) (8.
Rd1 Nbd7 9. Qc2 Be7 (9... Rc8 10. Nc3 b5 11. d3 a6 12. e4 Be7 13. Bf4 O-O $13 {
½-½ (30) Le,Q (2697)-Nakamura,H (2816) USA 2015}) 10. Nc3 O-O $11) (8. b3
Nbd7 (8... Be7 $5) 9. Bb2 Be7 10. Qc2 O-O 11. Nc3 Rc8 12. Rac1 b5 $132 {
½-½ (33) Shabalov,A (2556)-Akobian,V (2645) Saint Louis USA 2017}) (8. d3 Be7
9. Nbd2 O-O 10. Qc2 Nbd7 $5 11. b3 b5 $11 {0-1 (74) Liu,Y (2505)-Chen,Q (2432)
Tianjin CHN 2018}) (8. d4 Nbd7 $5 (8... cxd4 9. Nxd4 Bxg2 10. Kxg2 Qd5+ 11.
Qxd5 Nxd5 12. a3 {isn't completely equal: ½-½ (44) Huang Qian (2439)
-Pogonina,N (2457) Qinhuangdao 2018.}) 9. Nc3 Rc8 10. Be3 $6 (10. Qd3 $11)
10... b5 $1 11. Qd3 (11. Nxb5 $2 Nb6 $17) 11... b4 12. Nb1 c4 13. Qc2 Be7 $15 {
0-1 (34) Radjabov,T (2745)-Anand,V (2783) Sandnes NOR 2013}) 8... Nbd7 (8...
Be7 9. e4 Nbd7 10. d4 cxd4 11. Nxd4 Ne5 12. Nxc6 Nxc4 13. Nxd8 Rxd8 14. b3 Ne5
15. Be3 $14 {0-1 (58) Ding,L (2766)-Sargissian,G (2702) CHN 2016}) 9. e4 $5 (9.
Qb3 Be7 10. d3 O-O 11. e4 Rc8 $132 {0-1 (45) Fridman,D (2667)-Sargissian,G 
(2666) Warsaw POL 2012}) 9... Rc8 10. Qe2 Qb6 (10... c4 11. b3 $14) (10... e5 {
is generally not such a great idea:} 11. d3 $14 {/\Be3, Nd2.}) 11. Rd1 Qa6 $5
12. d3 (12. Qxa6 bxa6 13. d3 $14 {is definitely better for White (Nd2-Nc4)
next, but I wrongly wanted more.}) 12... Be7 13. a3 {Perhaps not the best plan.
} ({Best and simplest might be} 13. a4 O-O 14. b3 Rfd8 15. Nd2 Ne5 16. Nc4 $14)
13... b6 14. Bf4 Qb7 15. Re1 $6 {Focusing on d3-d4, but that wasn't best.} (15.
Nd2 $1 O-O (15... b5 16. Nb3 $1 $14) 16. Nc4 $14) 15... O-O 16. d4 Rfe8 $1 {
An important move.} 17. Rad1 Bf8 18. dxc5 bxc5 (18... Bxc5 $4 19. b4 Bf8 20. b5
$18) (18... Nxc5 $2 19. Ne5 $16) 19. Rb1 $5 ({Tne engine prefers} 19. Bd6 $14)
19... h6 20. Nd2 Red8 21. b3 (21. Nc4 Qa6 22. Nd6 Qxe2 23. Rxe2 Rb8 24. Nc4
Rbc8 $14 {was perhaps best for White, with 25.Rd1 or 25.Rd2 to follow.}) 21...
Nb6 $6 ({The engine likes} 21... g5 $1 22. Be3 Ne5 {which I clearly
underestimated. Black is fine. If} 23. f4 {then} gxf4 24. gxf4 Ng6 $36) 22. a4
Na8 $6 23. Nc4 Qa6 24. Bf1 $6 {Again very natural, but not best. There were
several options to get a slightly better position.} (24. Rbd1 $5 Rxd1 (24...
Nb6 25. Rxd8 Rxd8 26. Bc7 Rc8 27. Bxb6 axb6 28. Rd1 $14) 25. Nxd1 Nb6 26. Ndb2
$14) (24. Nd1 $5 Nb6 25. Ndb2 $14) (24. a5 $1 Nc7 25. Bf1 $14) 24... Nb6 25.
Qf3 Nxc4 26. Bxc4 Qa5 {At this moment I realised I had completely
overestimated my move 24.Bf1.} 27. Nb5 Be7 28. Be5 Qb6 29. Qf4 Qb7 $6 {Giving
some chances.} ({After} 29... Rd7 {or}) (29... Nh5 $5 30. Qg4 Nf6 {Black is
completely fine.}) 30. Bxf6 $1 Bxf6 (30... gxf6 31. Nc3 (31. Qxh6 $6 Bxe4 $132)
31... Kg7 {looked dubious for Black to me, but it is perfectly playable.}) 31.
Nd6 Rxd6 32. Qxd6 Rd8 $2 ({Both Jovanka and I missed} 32... Bxe4 $1 33. Ba6 Qa8
$1 {with the idea to answer Bxc8 with a crushing ...Bh1! That means White
should try} 34. Rxe4 Qxe4 35. Rd1 {and luckily, White recovers the pawn and is
even a bit better. Indeed} Rd8 $4 {loses to} 36. Qxd8+ Bxd8 37. Rxd8+ Kh7 38.
Bd3 $18) 33. Qxc5 {Now Black doesn't have enough compensation.} Bd4 (33... Bxe4
34. Ba6 $16) 34. Qa5 Bb6 35. Qa6 ({A simpler way was} 35. Qe5 Bd4 (35... Rd2
36. Re2 $18) 36. Qf4 $18) 35... Qc7 36. Bf1 (36. Rbd1 Rxd1 37. Rxd1 Bxe4 38. a5
Bxa5 39. Bxe6 Bf3 40. Ra1 Bb6 41. Qc8+ $18) (36. Bd3 $5) (36. Rbc1 Bb7 37. Qb5
Rd2 {didn't please me too much, as here White can't play Re1-e2.}) 36... Bxe4
$1 37. Rbc1 {I was very lucky to have this move - as I'd missed Black's last
one...} (37. Rxe4 $2 Qc2 $11) 37... Qe5 38. Qe2 $1 (38. Bg2 $2 Bxf2+ $1 39.
Kxf2 Qd4+ 40. Re3 Bxg2 $13) (38. Rc8 $4 {would allow a very nice threat to
work out:} Bxf2+ $1 39. Kxf2 Qf6+ $1 {and mate to follow.}) 38... Qf5 $2 (38...
Qf6 $1 {was necessary to stay in the game: Black is worse, but as White can't
exchange light-squared bishops anymore; the game is definitely not over.}) 39.
Bh3 $1 $18 Qxh3 (39... Qf6 40. Qxe4 $18) 40. Qxe4 g6 41. Red1 Rxd1+ 42. Rxd1
Qh5 43. Rd7 e5 44. Kg2 a5 45. Qf3 Qxf3+ 46. Kxf3 Kf8 47. Rb7 1-0

[Event "Sitges Sunway op 6th"]
[Site "Sitges"]
[Date "2019.12.14"]
[Round "2"]
[White "Edouard, Romain"]
[Black "Sardana, Rishi"]
[Result "1/2-1/2"]
[WhiteElo "2653"]
[BlackElo "2428"]
[Annotator "Edouard,R"]
[PlyCount "81"]
[EventDate "2019.12.13"]
[EventType "swiss"]
[EventRounds "10"]
[EventCountry "ESP"]
[SourceTitle "CBM 194 Extra"]
[Source "ChessBase"]
[SourceDate "2020.03.31"]
[SourceVersion "1"]
[SourceVersionDate "2020.03.31"]
[SourceQuality "1"]

{[%evp 0,81,32,-9,-1,-47,-47,-87,-59,-30,-20,0,25,-57,-37,-37,-7,-26,-24,-27,
-39,-80,-78,-67,-63,-41,-41,-86,-41,-45,-49,-45,-72,-67,-67,-76,-57,-52,-52,
-69,-57,-79,-25,-14,-7,-7,28,0,36,27,36,-14,61,35,34,34,34,5,17,5,5,8,8,8,1,1,
2,-26,-31,-21,3,0,2,-47,34,-28,-27,-6,-4,-15,-19,-33,-28,0]} 1. c4 e6 2. g3 d5
3. Bg2 Nf6 4. Nf3 d4 5. O-O c5 6. e3 Nc6 7. exd4 cxd4 8. d3 Bd6 9. Na3 $5 (9.
Bg5 {is the main line, and Adrien Demuth's suggestion in his book "The
Modernized Reti". For that game I've decided to try something different.}) 9...
O-O ({After} 9... e5 10. c5 $1 {led to a finish win by Anish Giri:} Bxc5 11.
Nc4 Nd7 (11... Bg4 12. Qb3 Qe7 13. Re1 $14) 12. Re1 O-O (12... f6 $6 13. Nh4 $1
O-O 14. Bd5+ $1 Kh8 $2 15. Ng6+ $1 hxg6 16. Qg4 $18 {is a beautiful line}) 13.
Nfxe5 Ncxe5 14. Nxe5 Nxe5 15. Rxe5 Qb6 16. a4 $1 a5 17. Qc2 Bb4 18. Rb5 Qe6 19.
Bf4 $16 {1-0 (111) Giri,A (2784)-So,W (2762) Wijk aan Zee 2015}) 10. Rb1 $6 (
10. Nc2 {with the idea of} e5 11. b4 {is better, but it anyway leads to an
unclear game:} a6 12. Re1 Re8 13. Bg5 Bf5 $1 (13... h6 $2 14. Bxf6 Qxf6 15. c5
Bc7 16. Nfxd4 $16 {1-0 (48) Reinhart,K (2475)-Pierzak,R (2490) POL-USA 2015}) (
13... Bg4 14. c5 Bc7 15. a4) 14. c5 Bf8 $1 15. Nh4 Bd7 $5 {1-0 (37) Anton
Guijarro,D (2674)-Narayanan,S (2611) Khanty-Mansiysk 2019}) 10... e5 11. Bg5
Bf5 ({There was nothing wrong with} 11... h6 12. Bxf6 Qxf6 13. Nd2 Qg6 $5 $36)
12. Nh4 $6 Be6 13. Nc2 $6 (13. b4 $1 {was required. After} Rb8 $5 (13... Nxb4
14. Nb5 $5 Bc5 $8 15. a3 Nc6 16. Bxf6 Qxf6 17. Nc7 $14) 14. c5 Be7 15. Nc4 Nd5
{Black is certainly not worse.}) 13... a5 14. Na3 $6 ({Natural was} 14. Qf3 {
but after} e4 15. dxe4 Bxc4 16. Rfd1 d3 {White has no advantage:} 17. Bxf6 Qxf6
18. Qxf6 gxf6 19. Ne1 Bxa2 20. Ra1 Nb4 21. Nxd3 Bb3 22. Rd2 Rfd8 $132) 14...
Be7 15. Nb5 h6 16. Bxf6 Bxf6 17. Nf3 e4 ({The engine liked} 17... Bg4 $5 18. h3
Bf5 {with the idea of ...Qd7 or ...Nb4.}) 18. Ne1 exd3 (18... e3 $1 {was
worrying me more, although after} 19. Nc2 {the position remains a mess.}) 19.
b3 Bf5 20. Qf3 $5 Bh7 (20... Qd7 21. Nxd3 Bg4 22. Nc5 $14) 21. Rd1 Re8 22. Nxd3
Qb6 $6 (22... Rb8 $5) 23. Rfe1 $6 (23. Nd6 $1 Re7 24. c5 Qa7 25. Rfe1 $16)
23... Bxd3 (23... Rxe1+ 24. Rxe1 a4 25. Nf4 $40) 24. Qxd3 Nb4 25. Qd2 d3 $6 (
25... Rxe1+ {was better:} 26. Rxe1 (26. Qxe1 $2 Nxa2 $17) 26... d3 27. h4 $1
Rd8 $132) 26. h4 $1 Rxe1+ 27. Qxe1 Rd8 (27... Nxa2 28. Rxd3 $16) 28. a3 $6 (28.
Rd2 $5 {and Black should find} g5 $1 {if he doesn't want to lose by force.}) (
28. Qe4 Bd4 $1 $132) 28... Nc2 29. Qe4 Nxa3 $1 {Oops. Black forces a draw.} 30.
Rxd3 (30. Nxa3 Qxb3 $17) 30... Nxb5 31. Rxd8+ Qxd8 32. cxb5 b6 33. Kh2 Bd4 34.
f4 h5 35. f5 Qf6 36. Qd3 g6 37. Be4 (37. fxg6 fxg6 38. Be4 Kg7 $5 39. Bxg6 Be5
$11) 37... gxf5 38. Bxf5 Qe5 39. Be4 Kg7 40. Qf3 Bc5 41. Kh3 1/2-1/2

[Event "Reykjavik op"]
[Site "Reykjavik"]
[Date "2018.03.11"]
[Round "6"]
[White "Lenderman, Aleksandr"]
[Black "Yilmaz, Mustafa"]
[Result "1/2-1/2"]
[WhiteElo "2600"]
[BlackElo "2619"]
[Annotator "Fernandez,D"]
[PlyCount "133"]
[EventDate "2018.03.06"]
[EventType "swiss"]
[EventRounds "9"]
[EventCountry "ISL"]
[SourceTitle "CBM 184"]
[Source "ChessBase"]
[SourceDate "2018.05.16"]
[SourceVersion "1"]
[SourceVersionDate "2018.05.16"]
[SourceQuality "1"]

1. Nf3 Nf6 2. c4 e6 3. Nc3 d5 4. e3 Be7 5. b3 O-O 6. Bb2 b6 7. cxd5 (7. d4 Bb7
8. Bd3 Nbd7 9. O-O c5 {is a 'tabiya', whichever move order it might come from
in a specific game. The top move is 10.Qe2 and the position dates all the way
back to Schlechter and Englisch.}) 7... exd5 8. d4 (8. Be2 {has been played in
the majority of games, and the logic makes sense- White only plays d4 if he is
certain Black wants ...c5 (or has already played it.) This can lead to some
interesting waiting games, e.g.} Bb7 9. O-O Nbd7 10. Rc1 a6 11. Qc2 Re8 (11...
c5 12. d4 Rc8 13. Rfd1 Re8 14. Qb1 {is not guaranteed to be good for White,
but at least his queen's bishop will be better than Black's.}) 12. Rfe1 Bd6 13.
Bf1 Rc8 14. Ne2 {White 'cracks'!} c5 15. Ng3 b5 16. Qb1 Qb6 {Black was
probably very marginally for choice in the old game Stean,M-Hort,V Hastings
1976 (interestingly, I have sat next to both of these players at meals!)}) 8...
Bb7 9. Rc1 (9. Ne5 $5 {is the positional, yet maximalist move. White wants one
or both of f4 and g4.} Nbd7 $1 10. Be2 $5 (10. Bb5 {leads to liquidations:}
Nxe5 11. dxe5 Nd7 12. Nxd5 Nxe5 13. Bxe5 Qxd5 14. Qxd5 Bxd5 15. Rc1 $11 {
however, it appears to me that Black has to be more careful in this nuanced
endgame.}) 10... c5 {Black had little choice but to strike back in the centre.}
11. O-O Rc8 12. Rc1 Bd6 13. f4 $132 {Ozturk,K-Swati,G Beijing 2008}) 9... Nbd7
10. g3 Re8 {Black makes a point of playing without ...c5, to try and make
White look silly for playing d4. Certainly it is less than completely clear
what White should play for now, with his long diagonal firmly closed.} 11. Bg2
Bd6 12. O-O a6 13. Qc2 Qe7 14. Ne2 (14. Nd2 $5 {might have initiated a better
plan - it continues with Rfe1 and e4.}) 14... c6 15. Nf4 Rac8 16. Rfd1 a5 17.
a4 (17. Nd3 Ba6 18. Nde5 {was the most consistent follow-up in my opinion.})
17... Ba6 18. Qb1 Ne4 19. Rc2 Rc7 (19... b5 $5 {was interesting:} 20. Bf1 Nb6
$1 21. Ne5 Qb7 22. Rxc6 bxa4 $132 {and I prefer Black's position since the
bishop he will be left with is better.}) 20. Qc1 Nb8 21. Ne5 {White has
wrested control of the initiative.} Bb7 (21... Bxe5 22. dxe5 Nc5 23. Ba3 $1
Nbd7 24. e4 $36) 22. Bxe4 dxe4 23. Nc4 Na6 24. Nxb6 {Obvious, but not best.} (
24. Bc3 $1 {allows Black to save his b6-pawn, but only at a cost that is
higher than the one he pays in the game.} Bxf4 25. exf4 Nb4 26. Bxb4 Qxb4 27.
Qa3 $1 $14) 24... Nb4 25. Re2 (25. Rcd2 {was maybe less tactically unfortunate,
but Black has reasonable compensation.} g5 26. Ne2 Nd3 $44) 25... Ba6 26. Nc4
Bc8 {Black has good compensation.} 27. f3 (27. h3 g5 28. Nh5 Nd5 $44) 27...
exf3 28. Rf2 Bf5 29. Ba3 g5 (29... Be4 $15 {was cleaner.}) 30. Nxd6 (30. Nh5
Bg4 31. e4 $3 $132 {is a random computer point that maintains the balance for
White.}) 30... Qxd6 31. Bxb4 axb4 32. Nd3 g4 {Black has a stable edge now.} 33.
Ne5 (33. Qc5 Qxc5 34. Nxc5 Rxe3 35. Ra1 $15 {minimises the damage, though it
is hard to play.}) 33... f6 34. Nc4 Qd8 $6 (34... Qf8 $15 {kept tighter
control, not allowing White to gain tempo off the b4-pawn.}) 35. Qd2 $1 Qe7 36.
d5 $6 (36. e4 $5 {now puts the whole point up in the air!}) 36... cxd5 37. Nb6
Be4 38. Nxd5 Bxd5 39. Qxd5+ Qe6 40. Qxe6+ (40. e4 $5 Rc3 $15) 40... Rxe6 41.
Rd4 h5 42. Rxb4 Rxe3 {Seeing the position here, I was convinced White was
toast, but he somehow managed to hold this!} 43. Rc4 Rd7 44. Rc1 Rxb3 45. Ra2
Kf7 $6 {Losing half a point, in my opinion.} (45... Ra7 46. a5 Ra6 {is, of
course, a better version- why let the a-pawn advance an extra square? This
could be picked apart in greater detail but let us just investigate the
analogous line to the one White picked in the game.} 47. Kf2 Rb5 48. Rca1 Kf7
49. h4 {It seems logical to play this and not let Black have the idea of ...h4
as well.} Re5 50. Kf1 f5 51. Ra4 {If White doesn't control both the 2nd and
4th ranks then there will follow ... f4.} (51. Kf2 Kf6 52. Kg1 Re4 $1 $19)
51... Kf6 52. R1a2 Rae6 $1 {This is the key difference that arises from White
being one more square away from promotion.} 53. Ra1 (53. a6 Re1+ 54. Kf2 Rh1
55. a7 Ree1 {is mate!}) 53... Re2 54. a6 Rh2 55. R4a2 Rh1+ 56. Kf2 Re2+ $1 $19)
46. a5 Ra7 47. a6 Rb6 48. Rca1 Re6 49. Kf2 Kg6 50. h4 {By contrast to the last
note, Black now has no second idea once White does something about the ...f4
one.} Re5 51. Kf1 Re6 52. Kf2 Kf7 (52... f5 53. Kf1 Re4 (53... f4 54. gxf4 Kf5
55. Kf2 Kxf4 56. Ra4+ $11) 54. Rb1 $1 $11 {The point is that now White can
check on the 6th rank.}) 53. Kf1 Ke7 54. Re1 Re5 55. Ra5 Kd6 56. Rexe5 fxe5 57.
Kf2 Kc6 {There is nothing else to try.} 58. Rxe5 Rxa6 59. Rxh5 Ra2+ 60. Kf1 Rg2
61. Rg5 Rxg3 62. h5 Rh3 63. Rxg4 Rxh5 64. Kf2 Rf5 65. Rg3 Kd5 66. Rxf3 Rxf3+
67. Kxf3 1/2-1/2

[Event "Reykjavik op"]
[Site "Reykjavik"]
[Date "2018.03.08"]
[Round "4"]
[White "Grigoriants, Sergey"]
[Black "Haria, Ravi"]
[Result "0-1"]
[WhiteElo "2568"]
[BlackElo "2424"]
[Annotator "Fernandez,D"]
[PlyCount "82"]
[EventDate "2018.03.06"]
[EventType "swiss"]
[EventRounds "9"]
[EventCountry "ISL"]
[SourceTitle "CBM 184"]
[Source "ChessBase"]
[SourceDate "2018.05.16"]
[SourceVersion "1"]
[SourceVersionDate "2018.05.16"]
[SourceQuality "1"]

1. c4 e6 2. Nf3 d5 3. g3 Nf6 4. Bg2 d4 5. O-O c5 6. e3 (6. b4 $5 {makes more
sense than usual against this specific move order from Black.} cxb4 7. a3 Nc6 (
7... bxa3 8. e3 dxe3 9. fxe3 Nc6 10. d4 $14) 8. e3 $1 a5 (8... e5 $6 9. axb4
Bxb4 10. Nxe5 $14 {is a well-known trick, of course}) (8... d3 9. axb4 Nxb4 10.
Ba3 $14) 9. exd4 Nxd4 10. Bb2 Nxf3+ 11. Qxf3 $132) 6... Nc6 7. exd4 cxd4 8. d3
Bd6 9. a3 a5 10. Bg5 h6 11. Bxf6 Qxf6 12. Nbd2 O-O 13. Ne4 Qe7 14. Nxd6 Qxd6 {
By a circuituous route, we have arrived at a vaguely Tarrasch-esque position,
and one which slightly favours White.} 15. Rc1 e5 16. c5 Qg6 17. Re1 Re8 18.
Qc2 (18. b4 $5 {was White's way to claim an advantage.} axb4 19. axb4 Nxb4 (
19... f6 20. b5 Na5 21. Ra1 $16) (19... Bg4 20. b5 Nb4 21. h3 $14) 20. Nxe5 Qf6
21. Qb3 Na2 22. Nc4 $1 $14) 18... Re7 {A mature move, getting out of the way
of Nd6 tempo-gainers in the future.} (18... a4 {was what I thought Black would
play, watching this game unfold live, and this is fine too.}) 19. Nd2 Bf5 20.
Ne4 Bxe4 (20... Kh8 $5 $11 {can be played first, and probably saves a tempo.})
21. Rxe4 Rae8 22. Ree1 Kh8 23. Qc4 (23. Qb1 {was, in hindsight, the best way
to try and support b4, and White's last chance to claim an opening advantage.}
a4 (23... f5 $5 24. b4 e4 25. b5 Ne5 26. dxe4 f4 {is a mess, but objectively
this should not work.}) 24. Qc2 f5 25. Qxa4 e4 26. Rcd1 $44 {Black has
compensation for his pawn, but little chance of more if White plays correctly.}
) 23... f5 24. b4 e4 $1 25. dxe4 fxe4 26. Rcd1 $6 (26. b5 {sacrifices an
exchange, but is still a serious option.} Ne5 (26... d3 $5 $132) 27. Qxd4 Nd3
28. Rcd1 Nxe1 29. Rxe1 $44) 26... axb4 27. axb4 d3 $1 {Now Black is slightly
better.} 28. b5 Ne5 29. Qc1 $2 (29. Qd4 Qh5 $1 $15) (29. Qxe4 $4 Nf3+ {is the
easy-to-miss point.}) 29... Ng4 30. c6 bxc6 31. bxc6 Qh5 32. h3 Nxf2 $1 {
Black needs this, but thankfully the tactics are easy to work out.} 33. Kxf2
e3+ 34. Kg1 d2 35. Qc3 dxe1=Q+ 36. Rxe1 e2 {The rest could have been spared
now.} 37. Qf3 Qc5+ 38. Qf2 Qc3 39. Kh2 Re6 40. h4 Rf6 41. Qg1 Rd6 0-1